00414nam a22001457i 45000010005000000030004000050050017000090070003000260080041000290240014000700400008000840840012000922450133001043000031002371933OSt20170126082301.0tu161220s xxu||||| |||| 00| 0 d7 a19322RID cOSt a15.62z00aSurvey of Energy Resources; Part A u. B: Energierohstoffe derWelt - Bestandsaufnahme 1980bWeltenergiekonferenz, Mùˆnchen 1985 a358, 12, Beil. S. ;c30cm.